| 000 | 00786nam a22002415i 4500 | ||
|---|---|---|---|
| 001 | 10623 | ||
| 003 | ES-MaACL | ||
| 005 | 20251205135907.0 | ||
| 007 | t| | ||
| 008 | 940510s1993 sp |||| | spa j | ||
| 020 | _a84-7844-177-8 | ||
| 080 | _a1(081) Zambrano, María | ||
| 100 | 1 |
_aZambrano, María, _d1904-1991 _9117914 |
|
| 245 | 1 | 3 |
_aLa razón en la sombra _b: antología / _cMaría Zambrano ; edición a cargo de Jesús Moreno Sanz. |
| 260 |
_aMadrid : _bSiruela, _c[1993] |
||
| 300 |
_aXXXVII, 653 p ; _c23 cm. |
||
| 490 | 1 |
_aLibros del tiempo ; _v59 |
|
| 504 | _aBibliografía: p. [631]-653. | ||
| 700 |
_aMoreno Sanz, Jesús, _d1949- _9236177 |
||
| 830 | 0 | 0 |
_aLibros del tiempo (Siruela) _v59 _9233603 |
| 852 |
_aES-MaACL _jL-18021 |
||
| 999 |
_c10623 _d10623 |
||